مكتبة جامعة عجلون الوطنية

فهرس بحث المكتبة

Normal view MARC view
  • تاليف مهيدات،محسن فالح؛م.مشارك زياد مخيمر البوريني

Entry Personal Name

Number of records used in: 1

001 - CONTROL NUMBER

  • control field: 19319

003 - CONTROL NUMBER IDENTIFIER

  • control field: JO-AjAnu

005 - DATE AND TIME OF LATEST TRANSACTION

  • control field: 20230606073358.0

008 - FIXED-LENGTH DATA ELEMENTS

  • fixed length control field: 230606|| aca||aabn | a|a d

040 ## - CATALOGING SOURCE

  • Original cataloging agency: JO-AjAnu
  • Transcribing agency: JO-AjAnu

100 ## - HEADING--PERSONAL NAME

  • Personal name: تاليف مهيدات،محسن فالح؛م.مشارك زياد مخيمر البوريني

670 ## - SOURCE DATA FOUND

  • Source citation: Work cat.: (JO-AjAnu)9919: تاليف مهيدات،محسن فالح؛م.مشارك زياد مخيمر البوريني, author, البسيط في اللغة العربية